Responses for show #4033 - Wednesday, February 27, 2002

Contestants

[<< previous game]

Rita Hedgespeth, a computer consultant and software trainer from Braintree, Massachusetts

Kevin Scott, a graduate student from Columbus, Ohio

Patty Crowell, a mammography technologist originally from Kalispell, Montana (whose 1-day cash winnings total $4,399)

[next game >>]

Jeopardy! Round responses

RIO
ORDINARY "WORLD"
HUNGRY LIKE THE WOLF
GIRLS ON FILM
NOTORIOUS
IS THERE SOMETHING I SHOULD KNOW?
    $200 23
Amazon

Patty
    $200 12
world's fair

Kevin
    $200 11
(Big Bad) Wolf

Rita
    $200 6
Shirley Temple

Patty
    $200 1
Al Capone

Rita
    $200 17
Grand Canyon

Kevin
    $400 24
Peru

Patty
    $400 13
Brave New World

Kevin
    $400 21
Rome

Rita
    $400 7
Casper

Kevin
    $400 2
(Rita: What is "The Legend of Sleepy Hollow"?)

Jack the Ripper

KevinRita
    $400 18
lights at a baseball game (first Major League night game)

Patty
    $2,000 25
(Alex: [prior to the wager] And we have about a minute left in the round.)

Pyrenees

Patty
    $600 14
oldest profession in the world (world's oldest profession)

Patty
    $600 22
Jack London

Triple Stumper
    $600 8
Anna Paquin

Rita
    $600 3
"Squeaky" Fromme

Rita
    $600 19
(Kevin: Who is John McCain?)

George W. Bush

Kevin
Triple Stumper
    $800 26
coyotes

Patty
    $800 15
third world

Rita
    $800 29
Russian wolfhound

Patty
    $800 9
Kirsten Dunst

Patty
    $800 4
Idi Amin

Rita
    $800 20
General Musharraf

Triple Stumper
    $1000 27
Sierra Madre

Rita
    $1000 16
"We Are the World"

Kevin
    $1000 30
(1 of) timber wolf (or tundra wolf)

Patty
    $1000 10
Natalie Portman

Triple Stumper
    $1000 5
Josef Mengele

Rita
    $1000 28
(Kevin: What is the peritoneum?)

pericardium

KevinRita

Scores at the first commercial break (after clue 15):

Patty Kevin Rita
$1,600 $1,400 $3,800

Scores at the end of the Jeopardy! Round:

Patty Kevin Rita
$7,200 $1,000 $6,200

Double Jeopardy! Round responses

LONDON LOCALES
MODEL RAILROADING
THAT'S MY DEPARTMENT
SEPTEMBER SONGS
AUTHORS' MAIDEN NAMES
LET IN THE LATIN
    $400 12
Big Ben

Patty
    $400 11
electric

Rita
    $400 1
Defense

Kevin
    $400 6
Dancing

Rita
    $400 20
Elizabeth Barrett

Kevin
    $400 21
(Alex: The gladiators, yes.)

die

Kevin
    $800 13
White Tower (Tower of London)

Rita
    $800 17
(Kevin: What is an engine?)
(Alex: Be more specific.)
(Kevin: Steam engine? Steam model-railroad engine?)

locomotive

Kevin
Triple Stumper
    $800 2
(Alex: Henry Kissinger.)

State

Kevin
    $800 7
"Take My Breath Away"

Kevin
    $800 26
[The end-of-the-round signal sounds.]

Ingalls

Rita
    $800 22
alter ego

Triple Stumper
    $1200 14
Buckingham Palace

Rita
    $1200 18
gauge

Triple Stumper
    $1200 3
Interior

Kevin
    $1200 8
"Blaze of Glory"

Triple Stumper
    $1200 23
(Alex: Less than a minute to go.)

"Here and Now"

Triple Stumper
    $1600 15
(Patty: Who is Lord Nelson?)
(Kevin: Who is is Trafalgar?)

Duke of Wellington

PattyKevin
Triple Stumper
    $1600 19
coupler

Patty
    $1600 4
Labor

Rita
    $1600 9
(Patty: What is "Meet Me in September?")

"Blue Velvet"

Patty
Triple Stumper
    $100 24
Defender of the Faith

Kevin
    $2000 16
(Great) Fire of London

Kevin
    $2000 5
Treasury

Kevin
    $100 10
(Alex: Kevin.)
[ Resigned ]
(Kevin: Same category, $2,000.)
(Alex: All right, your voice
dropped there. No reason for it to do so unless
you're bored with the category, but you hit the Daily Double.)
(Kevin: I'm disappointed 'cause I always
wanted to say, "bet it all.")
(Alex: Well, why don't you?)
(Kevin: $100.)
[ Laughter ]
(Alex: In your mind, is "bet it all" the equivalent of $100?)
(Kevin: No, but I got to say it.)
...
(Kevin: I have no idea.)

"Ain't No Mountain High Enough"

Kevin
    $2000 25
(Rita: What is "It ain't what it used to be"?)

I am not what I used to be

Rita
Triple Stumper

Scores at the end of the Double Jeopardy! Round:

Patty Kevin Rita
$6,000 $6,600 $9,400

[wagering suggestions for these scores]

Final Jeopardy! Round responses

THE CIVIL WAR
PattyWho was Davy Crockett?
$299
KevinWho was A. Johnson?
$6,400
RitaWho was Knox
$4,000
Andrew Johnson

Final scores:

Patty Kevin Rita
$5,701 $13,000 $5,400
2nd place: trip to Aruba & subscription to New York Times New champion: $13,000 3rd place: trip to Kona, Hawaii & subscription to New York Times

Game dynamics:

Coryat scores:

Patty Kevin Rita
$4,600 $8,200 $9,400
12 R
(including 1 DD),
2 W
15 R
(including 1 DD),
5 W
(including 1 DD)
16 R,
2 W

Combined Coryat: $22,200

The J! Archive is created by fans, for fans. The Jeopardy! game show and all elements thereof, including but not limited to copyright and trademark thereto, are the property of Jeopardy Productions, Inc. and are protected under law. This website is not affiliated with, sponsored by, or operated by Jeopardy Productions, Inc. Join the discussion at JBoard.tv.